[Event "Tournoi n27445"]
[Site "www.echecsemail.com"]
[Date "2026.02.10"]
[Round "1"]
[White "Verson"]
[Black "Wenoketo"]
[WhiteElo "1800"]
[BlackElo "1720"]
[Result "1-0"]
1.d4 d5
2.Ng1f3 Ng8f6
3.e3 Nb8c6
4.c3 e6
5.Bf1d3 h6
6.Nb1d2 Bc8d7
7.O-O Bf8e7
8.e4 dxe4
9.Nd2xe4 Nf6xe4
10.Bd3xe4 O-O
11.Bc1f4 a6
12.Be4c2 Ra8c8
13.Qd1d3 f5
14.Rf1e1 Bd7e8
15.Re1xe6 Be8d7
16.Re6g6 Be7f6
17.Ra1e1 Nc6e7
18.Rg6g3 Kh8
19.Rg3h3 Qd8e8
20.Nf3e5 Ne7c6
21.Qd3g3 Bf6xe5
22.dxe5 Qe8e6
23.Bc2b3 Qe6e7
24.Bf4xh6 { abandon }1-0

[Event "Défi"]
[Site "www.echecsemail.com"]
[Date "2026.02.10"]
[Round "1"]
[White "Turbo"]
[Black "Tian"]
[WhiteElo "1350"]
[BlackElo "1290"]
[Result "1-0"]
1.e4 e5
2.Ng1f3 Bf8b4
3.a3 Bb4a5
4.Bf1c4 c6
5.Bc4a2 f6
6.b4 Ba5b6
7.O-O Ng8h6
8.c3 a5
9.Qd1b3 a4
10.Qb3c4 Qd8e7
11.Qc4e2 f5
12.exf5 Nh6xf5
13.Rf1e1 d6
14.d3 d5
15.c4 dxc4
16.Ba2xc4 Bc8e6
17.Qe2c2 Be6xc4
18.Re1xe5 Nf5d4
19.Qc2xc4 Nd4e2
20.Kf1 Ne2g3
21.hxg3 Qe7xe5
22.Nf3g5 h6
23.Qc4f7 Kd8
24.Ng5e6 Kc8
25.Ra1a2 Nb8d7
26.Bc1f4 Rh8f8
27.Ne6xf8 Qe5d5
28.Kg1 Qd5xf7
29.Nf8xd7 Bb6d8
30.Nd7e5 Ra8a6
31.Ne5xf7 Bd8e7
32.Ra2c2 Kd7
33.Nf7e5 Ke6
34.Rc2e2 g5
35.Ne5g6 Kf5
36.Ng6xe7 Kg4
37.Bf4e5 b6
38.Re2e4 Kh5
39.g4 Kh4
40.Be5g3 1-0

[Event "Transval 3"]
[Site "www.echecsemail.com"]
[Date "2026.02.10"]
[Round "1"]
[White "Janolapin"]
[Black "Sam"]
[WhiteElo "1700"]
[BlackElo "1670"]
[Result "1-0"]
1.d4 d5
2.Ng1f3 Bc8g4
3.e3 Bg4xf3
4.Qd1xf3 Nb8c6
5.Bf1b5 Qd8d6
6.O-O Ng8f6
7.Nb1c3 O-O-O
8.a4 e5
9.Bb5xc6 bxc6
10.dxe5 Qd6xe5
11.Bc1d2 Bf8d6
12.Qf3h3 Kb7
13.f4 Qe5e7
14.b4 Bd6xb4
15.Rf1b1 a5
16.Nc3e2 c5
17.c3 Nf6e4
18.Bd2e1 g5
19.cxb4 axb4
20.Ne2c3 Ne4xc3
21.Be1xc3 gxf4
22.Bc3xh8 Rd8xh8
23.exf4 Rh8g8
24.Qh3f3 c6
25.Rb1e1 Qe7d6
26.Qf3e3 Qd6g6
27.Re1e2 c4
28.a5 Qg6f6
29.Qe3b6 Ka8
30.Ra1e1 Rg8b8
31.Qb6a6 1-0

[Event "Tournoi n27423"]
[Site "www.echecsemail.com"]
[Date "2026.02.10"]
[Round "1"]
[White "Verson"]
[Black "Tartu"]
[WhiteElo "1810"]
[BlackElo "1730"]
[Result "1/2-1/2"]
1.d4 d5
2.Ng1f3 Ng8f6
3.e3 c6
4.Bf1d3 Bc8g4
5.O-O Nb8d7
6.Nb1d2 e6
7.h3 Bg4xf3
8.Qd1xf3 Bf8e7
9.e4 dxe4
10.Nd2xe4 Nf6xe4
11.Qf3xe4 Nd7f6
12.Qe4h4 h6
13.Bc1e3 Nf6d5
14.Qh4g3 Be7f6
15.c3 b5
16.Rf1e1 Nd5xe3
17.Re1xe3 O-O
18.Ra1e1 Rf8e8
19.Qg3g4 a5
20.Qg4e4 Ra8c8
21.f4 Qd8d5
22.Qe4xd5 cxd5
23.f5 Bf6g5
24.Re3e2 b4
25.fxe6 Re8xe6
26.Re2xe6 fxe6
27.cxb4 axb4
28.Re1xe6 Kf7
29.Re6e2 Rc8c1
30.Kh2 Bg5f4
31.g3 Bf4d6
32.Bd3f5 Rc1d1
33.Bf5e6 Kf8
34.Be6xd5 Rd1xd4
35.Re2f2 Ke8
36.Bd5b3 Ke7
37.Rf2f7 Kd8
38.Rf7xg7 Rd4d2
39.Kg1 Rd2xb2
40.Rg7g6 Bd6c5
41.Kf1 Bc5e3
42.Rg6g4 Kc7
43.Rg4e4 Be3f2
44.g4 Bf2h4
45.Re4xb4 Bh4g5
46.a4 Rb2h2
47.a5 Bg5d2
48.Rb4c4 Kb7
49.Rc4a4 Rh2xh3
50.Bb3e6 Rh3e3
51.Be6f5 Re3e5
52.a6 Ka7
53.Ra4d4 Bd2g5
54.Bf5c8 Re5e8
55.Bc8b7 Re8e3
56.Kf2 Re3c3
{ nul }1/2-1/2

[Event "Tournoi n27431"]
[Site "www.echecsemail.com"]
[Date "2026.02.10"]
[Round "1"]
[White "Samjf"]
[Black "Fouvolant"]
[WhiteElo "1290"]
[BlackElo "1450"]
[Result "0-1"]
1.e4 c5
2.Bf1c4 e6
3.Ng1f3 Nb8c6
4.O-O a6
5.b3 Qd8c7
6.Bc1b2 Ng8f6
7.Qd1e2 Bf8e7
8.Nf3g5 O-O
9.Nb1c3 Nc6d4
10.Qe2g4 d5
11.exd5 exd5
12.Ng5e6 Bc8xe6
13.Qg4d1 dxc4
14.b4 cxb4
15.Nc3e2 Nd4b5
16.c3 a5
17.a4 bxc3
18.dxc3 Nb5a7
19.Bb2c1 Ra8d8
20.Qd1c2 Be7c5
21.Qc2a2 Nf6e4
22.Ne2f4 Be6c8
23.Qa2c2 Ne4f6
24.Qc2e2 Rf8e8
25.Qe2xc4 Bc5xf2
26.Kxf2 Qc7xc4
27.Nf4e2 Qc4xe2
28.Kg1 b6
29.Bc1f4 Nf6g4
30.Bf4g3 Bc8b7
31.Ra1e1 Qe2xg2
0-1

[Event "GIRL"]
[Site "www.echecsemail.com"]
[Date "2026.02.10"]
[Round "1"]
[White "Orosco"]
[Black "Mindthegap"]
[WhiteElo "2240"]
[BlackElo "1430"]
[Result "0-1"]
1.e4 e5
2.Ng1f3 Nb8c6
3.Nb1c3 Ng8f6
4.Bf1c4 Nf6xe4
5.Nc3xe4 d5
6.Bc4d3 dxe4
7.Bd3xe4 Bf8d6
8.d4 exd4
9.O-O O-O
10.Qd1d3 h6
11.Be4xc6 bxc6
12.Qd3xd4 c5
13.Qd4d5 Bd6xh2
14.Nf3xh2 Qd8xd5
15.Bc1e3 Bc8a6
16.Rf1d1 Qd5f5
17.c3 Ra8d8
18.Rd1e1 Qf5g6
19.Be3xc5 Ba6b7
20.g3 Rf8e8
21.Bc5d4 Re8xe1
22.Ra1xe1 Qg6h5
23.Re1e5 Qh5h3
24.f3 Qh3xg3
{ abandon }0-1

[Event "Suisse Sep25 R9"]
[Site "www.echecsemail.com"]
[Date "2026.02.10"]
[Round "1"]
[White "Aperturaf"]
[Black "Luc20"]
[WhiteElo "2800"]
[BlackElo "1830"]
[Result "1-0"]
1.e4 e6
2.d4 d5
3.Bf1d3 c5
4.exd5 exd5
5.Ng1f3 Nb8c6
6.O-O Nc6xd4
7.Nf3xd4 cxd4
8.Bd3b5 Bc8d7
9.Bb5xd7 Qd8xd7
10.Qd1xd4 Ng8e7
11.Nb1c3 f6
12.Rf1d1 b6
13.Bc1e3 Ra8d8
14.Qd4d3 Qd7d6
15.a4 g6
16.a5 Qd6b4
17.Ra1a4 Qb4d6
18.axb6 axb6
19.Ra4a6 Ne7c8
20.Be3xb6 Nc8xb6
21.Qd3b5 { abandon }1-0

[Event "BERNARD MAS"]
[Site "www.echecsemail.com"]
[Date "2026.02.10"]
[Round "1"]
[White "Woluwe1975"]
[Black "Legrillon"]
[WhiteElo "1660"]
[BlackElo "1750"]
[Result "1/2-1/2"]
1.f4 d6
2.Ng1f3 Bc8g4
3.c3 Ng8f6
4.e4 Nf6xe4
5.Qd1a4 c6
6.Qa4xe4 Bg4xf3
7.Qe4xf3 h6
8.d4 e6
9.Bf1d3 f5
10.Bc1e3 d5
11.Nb1d2 Bf8e7
12.Qf3h5 Kd7
13.Qh5g6 Qd8f8
14.Nd2f3 Be7f6
15.Nf3e5 Kc7
16.Qg6f7 Qf8xf7
17.Ne5xf7 Rh8f8
18.Nf7e5 Bf6xe5
19.dxe5 Nb8d7
20.b4 a6
21.O-O Rf8g8
22.a4 g5
23.a5 gxf4
24.Be3xf4 h5
25.Ra1c1 Rg8g6
26.Bd3xf5 exf5
27.e6 Kd8
28.exd7 Kxd7
29.Rf1e1 Ra8e8
30.Re1xe8 Kxe8
31.Rc1e1 Kd7
32.Re1e5 Rg6e6
33.Re5xf5 Re6e1
34.Kf2 Re1e7
35.Rf5xh5 Re7e4
36.Bf4e3 Re4e7
37.Be3b6 Re7f7
38.Ke2 Rf7e7
39.Kf2 Re7f7
40.Ke2 { nul }1/2-1/2

[Event "Tournoi n27441"]
[Site "www.echecsemail.com"]
[Date "2026.02.10"]
[Round "1"]
[White "Patbe"]
[Black "Tiounet"]
[WhiteElo "1530"]
[BlackElo "1630"]
[Result "0-1"]
1.e4 a6
2.d4 b5
3.d5 Bc8b7
4.Nb1c3 Ng8f6
5.Bc1g5 b4
6.Bg5xf6 exf6
7.Nc3e2 g6
8.Ne2d4 Bf8g7
9.Ng1f3 O-O
10.b3 d6
11.Bf1c4 c6
12.O-O cxd5
13.exd5 Rf8e8
14.Qd1d2 Nb8d7
15.Ra1e1 a5
16.Re1xe8 Qd8xe8
17.Nd4b5 Nd7c5
18.Nb5c7 Qe8f8
19.Nc7xa8 Bb7xa8
20.Rf1e1 f5
21.Nf3d4 Nc5e4
22.Qd2f4 Bg7xd4
23.Re1d1 Bd4e5
24.Qf4e3 Ne4c3
25.Rd1a1 Nc3e2
26.Qe3xe2 Be5xa1
27.Qe2d3 Qf8e7
28.Bc4a6 Ba1c3
29.Qd3b5 Qe7e1
30.Qb5f1 Qe1xf1
31.Kxf1 Ba8xd5
32.f4 Bd5e4
33.Ke2 Be4xc2
34.Ke3 Bc2e4
35.g3 Be4b1
{ abandon }0-1

[Event "020226"]
[Site "www.echecsemail.com"]
[Date "2026.02.10"]
[Round "1"]
[White "Katastrofic"]
[Black "4x4"]
[WhiteElo "1510"]
[BlackElo "1430"]
[Result "1-0"]
1.e4 e5
2.Bf1c4 d6
3.a3 Bc8e6
4.Bc4xe6 fxe6
5.c4 Nb8c6
6.b4 Qd8d7
7.d3 O-O-O
8.Bc1d2 Nc6d4
9.Bd2c3 b6
10.Ng1e2 c5
11.b5 Ng8f6
12.h3 Nf6h5
13.Bc3d2 Nd4xe2
14.Qd1xe2 g6
15.O-O Nh5f4
16.Qe2f3 g5
17.Kh2 Rh8g8
18.g3 Nf4g6
19.Bd2xg5 Bf8e7
20.Bg5xe7 Qd7xe7
21.a4 Rd8f8
22.Qf3e2 h6
23.a5 Rf8f7
24.axb6 axb6
25.Ra1a8 Kd7
26.Ra8a7 Ke8
27.Ra7xe7 Ng6xe7
28.f4 exf4
29.Rf1xf4 Rf7xf4
30.gxf4 Ne7g6
31.f5 Ng6f4
32.Qe2f3 e5
33.Nb1c3 Rg8g2
34.Kh1 Rg2c2
35.Nc3d5 Nf4xd5
36.Qf3h5 Kd7
37.Qh5f7 Nd5e7
38.f6 Rc2d2
39.fxe7 Rd2d1
40.Kg2 Rd1d2
41.Kg3 Rd2xd3
42.Kh4 Rd3d4
43.e8Q 1-0

[Event "Défi"]
[Site "www.echecsemail.com"]
[Date "2026.02.10"]
[Round "1"]
[White "Gambitor"]
[Black "Tiounet"]
[WhiteElo "1520"]
[BlackElo "1630"]
[Result "1-0"]
1.d4 b5
2.e4 Bc8b7
3.Nb1d2 a6
4.a4 Ng8f6
5.e5 Nf6d5
6.Ng1f3 g6
7.Bf1d3 Bf8g7
8.O-O O-O
9.Nd2e4 b4
10.Ne4c5 Bb7c6
11.c4 Nd5b6
12.d5 Nb6xd5
13.cxd5 Bc6xd5
14.Bd3xa6 Nb8xa6
15.Nc5xa6 Ra8xa6
16.Qd1xd5 e6
17.Qd5c4 Ra6b6
18.Bc1e3 Rb6b7
19.a5 Qd8b8
20.a6 Rb7b5
21.Nf3d4 c5
22.Nd4xb5 Bg7xe5
23.a7 Qb8b7
24.Qc4xc5 Be5xb2
25.Ra1b1 Bb2f6
26.Rb1xb4 Rf8e8
27.Nb5d6 { abandon }1-0

[Event "Tournoi Hivernal"]
[Site "www.echecsemail.com"]
[Date "2026.02.10"]
[Round "1"]
[White "Turbo"]
[Black "Fouvolant"]
[WhiteElo "1370"]
[BlackElo "1490"]
[Result "0-1"]
1.d4 Ng8f6
2.Ng1f3 g6
3.c3 Bf8g7
4.Bc1g5 d6
5.Bg5d2 Nb8d7
6.e3 O-O
7.Bf1d3 Rf8e8
8.Ke2 c6
9.c4 e5
10.d5 e4
11.Bd3xe4 Nf6xe4
12.Nb1c3 Nd7f6
13.h4 Bc8g4
14.Kf1 Qd8d7
15.Nc3e2 Nf6h5
16.Ra1b1 c5
17.Nf3h2 Bg4f5
18.g4 Bf5xg4
19.f3 Ne4xd2
20.Qd1xd2 Bg4h3
21.Ke1 Qd7e7
22.Nh2f1 Bh3d7
23.Nf1g3 Nh5xg3
24.Ne2xg3 Qe7e5
25.Ng3e4 f5
26.Ne4f2 Qe5xe3
27.Qd2xe3 Re8xe3
28.Kd2 Re3xf3
29.Rh1h3 Rf3xf2
30.Ke1 Rf2c2
31.Rh3e3 Ra8e8
32.Re3xe8 Bd7xe8
33.b3 Rc2xa2
34.Kf1 Ra2b2
35.Rb1e1 Kf7
36.Re1e6 Bg7e5
37.h5 Be8d7
38.Re6xg6 hxg6
{ abandon }0-1

[Event "Coupe Niveau 4"]
[Site "www.echecsemail.com"]
[Date "2026.02.10"]
[Round "1"]
[White "Domenico"]
[Black "Elghribi"]
[WhiteElo "1800"]
[BlackElo "1910"]
[Result "0-1"]
1.e4 d6
2.Bf1c4 Ng8f6
3.d3 g6
4.Ng1f3 Bf8g7
5.O-O O-O
6.Bc1e3 h6
7.Nb1c3 e5
8.d4 Nb8c6
9.dxe5 Nc6xe5
10.Nf3xe5 dxe5
11.Qd1e2 c6
12.Ra1d1 Qd8c7
13.f4 Bc8g4
14.Qe2e1 Bg4xd1
15.Qe1xd1 exf4
16.Rf1xf4 Nf6h5
17.Rf4f1 Ra8d8
18.Qd1g4 Qc7d6
19.a3 Rd8d7
20.Nc3e2 Kh7
21.c3 Nh5f6
22.Qg4h4 Qd6e5
23.Be3d4 Qe5h5
24.Bd4xf6 Qh5c5
25.Kh1 Bg7xf6
26.Qh4xf6 Qc5xc4
27.Ne2g3 Rf8d8
28.h4 Qc4e6
29.Qf6f2 Qe6g4
30.Ng3e2 Rd8e8
31.Ne2d4 Re8xe4
32.Nd4f3 b6
33.b4 Rd7e7
34.a4 Re4e2
35.Qf2g1 Re2c2
36.Qg1h2 Re7e2
37.Nf3e1 Rc2xc3
38.Rf1xf7 Kg8
39.Rf7f1 Qg4d7
40.Ne1f3 Rc3xf3
41.Qh2b8 Re2e8
{ abandon }0-1

[Event "Tournoi n27456"]
[Site "www.echecsemail.com"]
[Date "2026.02.10"]
[Round "1"]
[White "Fouvolant"]
[Black "Tiounet"]
[WhiteElo "1520"]
[BlackElo "1630"]
[Result "0-1"]
1.e4 a6
2.d4 b5
3.Ng1f3 Bc8b7
4.Bf1d3 Ng8f6
5.Qd1e2 g6
6.c3 Bf8g7
7.Nb1d2 O-O
8.a4 d6
9.O-O c6
10.e5 dxe5
11.dxe5 Nf6d5
12.Nd2e4 Nb8d7
13.Rf1e1 Nd7b6
14.a5 Nb6a4
15.c4 Nd5b4
16.Bd3b1 Qd8c7
17.b3 Bg7xe5
18.Nf3xe5 Qc7xe5
{ abandon }0-1

[Event "Tournoi n27455"]
[Site "www.echecsemail.com"]
[Date "2026.02.10"]
[Round "1"]
[White "Fouvolant"]
[Black "Jlr"]
[WhiteElo "1510"]
[BlackElo "1420"]
[Result "1-0"]
1.d4 d5
2.c4 e6
3.e3 Bf8b4
4.Nb1c3 a6
5.Bc1d2 a5
6.Ng1f3 Nb8c6
7.c5 Ng8f6
8.a3 Bb4xc3
9.Bd2xc3 Nf6e4
10.Qd1c2 b6
11.Bf1d3 Ne4xc3
12.Qc2xc3 bxc5
13.dxc5 e5
14.Nf3xe5 d4
15.Ne5xc6 Qd8d5
16.Qc3xd4 Qd5xd4
17.exd4 Bc8b7
18.Bd3e4 O-O
19.Nc6e7 Kh8
20.Be4xb7 Ra8b8
21.Bb7f3 Rf8e8
22.Kd2 Re8xe7
23.Rh1e1 Rb8xb2
24.Kc3 Re7xe1
25.Ra1xe1 Rb2b8
26.Re1e7 c6
27.Bf3xc6 Rb8f8
28.Re7e8 Kg8
29.Kc4 g6
30.Kb5 f5
31.Bc6d5 Kg7
32.Re8xf8 Kxf8
33.Kb6 a4
34.Bd5b7 Ke7
35.c6 Kd6
36.c7 Kd7
37.c8Q Kd6
38.d5 h5
39.f4 h4
40.Qc8f8 Kd7
41.Bb7c8 1-0

[Event "Tournoi n27424"]
[Site "www.echecsemail.com"]
[Date "2026.02.10"]
[Round "1"]
[White "Wenoketo"]
[Black "Mandrak"]
[WhiteElo "1700"]
[BlackElo "1580"]
[Result "1-0"]
1.d4 e6
2.Ng1f3 f6
3.Bc1f4 d6
4.e4 Nb8d7
5.Bf1e2 e5
6.dxe5 fxe5
7.Bf4g3 b6
8.Nb1d2 Nd7c5
9.O-O Ng8f6
10.h3 Nf6xe4
11.Nd2xe4 Nc5xe4
12.Bg3h2 Bc8b7
13.Nf3d2 g6
14.Nd2xe4 Bb7xe4
15.Be2d3 Be4c6
16.Rf1e1 Bf8g7
17.f4 O-O
18.fxe5 Qd8g5
19.g3 dxe5
20.Bd3c4 Kh8
21.Qd1e2 Ra8e8
22.Bc4b5 Re8e6
23.Bb5xc6 Re6xc6
24.Ra1d1 Qg5e7
25.g4 Rf8e8
26.c3 a5
27.Rd1d3 Rc6d6
28.Rd3e3 Rd6e6
29.Re3e4 c5
30.c4 h6
31.a4 h5
32.g5 Qe7xg5
33.Kh1 h4
34.Re1g1 Qg5f5
35.Re4xh4 Kg8
36.Rg1g4 g5
37.Rh4h5 Re6h6
38.Rh5xg5 Qf5f6
39.Qe2g2 Re8e7
40.Rg5g6 Qf6xg6
41.Rg4xg6 Kh7
42.Rg6xh6 Kxh6
43.Qg2d2 Kg6
44.Qd2d6 Kf7
45.Qd6xb6 e4
46.Qb6xc5 Bg7xb2
47.Qc5xa5 e3
48.Qa5d5 Re7e6
49.Qd5d7 Kf6
50.Qd7d8 Re6e7
51.Bh2g3 Kf7
52.Bg3e1 Bb2f6
53.Qd8d5 Re7e6
54.a5 Ke7
55.Be1b4 Kf7
56.Qd5h5 Kg7
57.Qh5g4 Kf7
58.Qg4e2 Bf6g5
59.c5 Ke8
60.Qe2h5 { abandon }1-0

[Event "Eq:les modestes-modesty :"]
[Site "www.echecsemail.com"]
[Date "2026.02.10"]
[Round "1"]
[White "Jetjet91330"]
[Black "Fred"]
[WhiteElo "2130"]
[BlackElo "2750"]
[Result "0-1"]
1.d4 Ng8f6
2.Ng1f3 d5
3.c4 e6
4.Nb1c3 c6
5.e3 Nb8d7
6.cxd5 exd5
7.Bf1e2 Bf8d6
8.O-O Nf6e4
9.Nc3xe4 dxe4
10.Nf3e5 Nd7xe5
11.dxe5 Bd6xe5
12.Qd1xd8 Kxd8
13.Rf1d1 Kc7
14.Ra1b1 Bc8e6
15.b3 Rh8d8
16.Bc1a3 a5
17.Ba3e7 Rd8xd1
18.Rb1xd1 a4
{ abandon }0-1

[Event "Jean 8"]
[Site "www.echecsemail.com"]
[Date "2026.02.10"]
[Round "1"]
[White "Woluwe1975"]
[Black "Patau"]
[WhiteElo "1640"]
[BlackElo "1670"]
[Result "1/2-1/2"]
1.d4 d5
2.Bc1f4 Ng8f6
3.e3 Bc8f5
4.Nb1d2 e6
5.Ng1f3 c5
6.c3 Bf8d6
7.Nf3e5 Nb8c6
8.Bf1b5 Qd8c7
9.Nd2f3 O-O
10.O-O cxd4
11.exd4 Nf6e4
12.Bb5d3 f6
13.Ne5xc6 bxc6
14.Bf4xd6 Qc7xd6
15.Rf1e1 c5
16.Qd1c2 cxd4
17.cxd4 Rf8c8
18.Qc2d1 Rc8c7
19.Ra1c1 Ra8c8
20.Rc1xc7 Rc8xc7
21.Qd1a4 Kf7
22.Qa4d1 Qd6b4
23.b3 Rc7c3
24.Re1e2 Ne4d6
25.Bd3xf5 Nd6xf5
26.h3 Qb4b6
27.g4 Rc3xf3
28.gxf5 Rf3xf5
29.Qd1d3 Rf5g5
30.Kh2 a6
31.Re2c2 Rg5f5
32.Qd3d1 Rf5f4
33.Qd1h5 Ke7
34.Qh5xh7 Rf4xd4
35.Qh7xg7 Kd6
36.Qg7xf6 Rd4e4
37.Qf6f8 Ke5
38.Qf8h8 Kf5
39.Qh8h5 Kf6
40.Qh5h6 Ke5
41.Qh6g5 Kd4
42.Qg5d2 Ke5
{ nul }1/2-1/2

[Event "Jean 8"]
[Site "www.echecsemail.com"]
[Date "2026.02.10"]
[Round "1"]
[White "Woluwe1975"]
[Black "Intrigue"]
[WhiteElo "1640"]
[BlackElo "1720"]
[Result "1-0"]
1.e4 c5
2.c3 Nb8c6
3.d4 cxd4
4.cxd4 e6
5.a3 d6
6.Nb1c3 Bf8e7
7.Ng1f3 Ng8f6
8.Bf1e2 O-O
9.O-O e5
10.d5 Nc6b8
11.Qd1c2 Bc8g4
12.h3 Bg4xf3
13.Be2xf3 Nb8d7
14.Rf1e1 a6
15.b4 Ra8c8
16.Qc2b3 b5
17.Bc1e3 Nd7b6
18.Re1c1 Nb6c4
19.Nc3d1 h6
20.Rc1c3 Nc4xe3
21.Rc3xe3 Rc8c4
22.Nd1b2 Rc4c7
23.Re3e1 Qd8c8
24.Qb3e3 Rc7c3
25.Nb2d3 Qc8c7
26.Re1c1 Rf8c8
27.Rc1xc3 Qc7xc3
28.Ra1c1 Qc3xa3
29.Rc1xc8 Kh7
30.Bf3e2 Qa3b3
31.f3 g6
32.Rc8c7 Nf6g8
33.Qe3a7 Kg7
34.Qa7xa6 Be7d8
35.Rc7d7 Bd8e7
36.Qa6xb5 Kf6
37.Kf2 h5
38.h4 g5
39.Qb5b8 Ng8h6
40.Qb8h8 Kg6
41.Rd7xe7 gxh4
42.Nd3xe5 Kg5
43.f4 Kxf4
44.Qh8xh6 Kxe4
45.Ne5c6 Kxd5
46.Be2f3 Kc4
47.Nc6a5 { abandon }1-0

[Event "Tournoi Hivernal"]
[Site "www.echecsemail.com"]
[Date "2026.02.10"]
[Round "1"]
[White "Qsdmlk"]
[Black "Fouvolant"]
[WhiteElo "1470"]
[BlackElo "1490"]
[Result "0-1"]
1.d4 Ng8f6
2.Ng1f3 g6
3.b3 Bf8g7
4.Bc1g5 O-O
5.e3 c5
6.Bf1c4 d5
7.Bc4d3 Rf8e8
8.O-O Nb8d7
9.c4 e6
10.Nb1d2 Qd8c7
11.e4 dxe4
12.Nd2xe4 Nf6xe4
13.Bd3xe4 cxd4
14.Nf3xd4 Qc7e5
15.Ra1c1 Qe5xg5
16.Rf1e1 a6
17.c5 Nd7xc5
18.a4 Nc5xe4
19.Re1xe4 Re8d8
20.Qd1f3 Qg5xc1
{ abandon }0-1

[Event "Tournoi n27369"]
[Site "www.echecsemail.com"]
[Date "2026.02.10"]
[Round "1"]
[White "Jm29"]
[Black "Foxie519"]
[WhiteElo "1510"]
[BlackElo "1700"]
[Result "0-1"]
1.e4 e6
2.d4 d6
3.Ng1f3 g6
4.Nb1c3 Bf8g7
5.Bc1d2 Ng8e7
6.Bf1e2 O-O
7.O-O Kh8
8.Bd2g5 f6
9.Bg5d2 Ne7g8
10.h3 c6
11.d5 e5
12.dxc6 Nb8xc6
13.Nf3h2 Nc6d4
14.Nc3d5 Bc8e6
15.c3 Nd4xe2
16.Qd1xe2 Be6xd5
17.exd5 h6
18.Qe2e1 Kh7
19.c4 Rf8e8
20.h4 h5
21.b3 b6
22.g4 f5
23.gxf5 gxf5
24.Nh2f3 Bg7f6
25.Nf3g5 Kh8
26.Ng5f7 Kg7
27.Nf7xd8 Ra8xd8
28.Qe1e2 f4
29.Qe2xh5 Kf8
30.b4 Re8e7
31.a4 Re7f7
32.c5 bxc5
33.bxc5 dxc5
34.a5 Rd8xd5
35.Bd2xf4 Rf7d7
36.Bf4g3 e4
37.Qh5e2 Bf6xa1
38.h5 Ba1d4
39.Qe2g4 Ng8f6
40.Qg4f4 Rd5xh5
41.Qf4b8 Kf7
42.Qb8f4 Rd7e7
43.Bg3h4 e3
44.fxe3 Bd4xe3
45.Kg2 Be3xf4
46.Rf1xf4 Rh5xh4
47.Rf4xh4 Nf6d5
48.Rh4h5 Ke6
49.Rh5h6 Nd5f6
50.Rh6h3 Kd6
51.Rh3h6 Ke5
52.Rh6h8 Re7c7
53.Rh8h3 c4
54.Rh3h1 c3
{ abandon }0-1

[Event "Défi( 10J+24H/c 10J Max )"]
[Site "www.echecsemail.com"]
[Date "2026.02.10"]
[Round "1"]
[White "Solnic"]
[Black "Patau"]
[WhiteElo "1270"]
[BlackElo "1670"]
[Result "0-1"]
1.d4 d5
2.f4 Nb8c6
3.e3 Ng8f6
4.h3 Bc8f5
5.a3 e6
6.g4 Bf5e4
7.Rh1h2 Bf8d6
8.g5 Nf6d7
9.Bf1b5 O-O
10.c3 a6
11.Bb5xc6 bxc6
12.b4 Nd7b6
13.Nb1d2 f5
14.Nd2xe4 fxe4
15.Qd1g4 Qd8e7
16.h4 Nb6c4
17.h5 Rf8f5
18.Ng1e2 a5
19.g6 h6
20.Ne2g3 Rf5f6
21.Rh2f2 axb4
22.a4 bxc3
23.f5 Bd6xg3
24.Qg4xg3 Ra8f8
25.Ra1b1 c5
26.Rb1b5 cxd4
27.a5 Rf6xf5
28.Rf2xf5 Rf8xf5
29.a6 dxe3
30.Rb5b8 Rf5f8
31.Rb8b7 Qe7g5
32.Qg3xc7 Qg5g1
33.Ke2 Rf8f2
0-1

[Event "Coupe Niveau 4"]
[Site "www.echecsemail.com"]
[Date "2026.02.10"]
[Round "1"]
[White "Domenico"]
[Black "Alain64"]
[WhiteElo "1790"]
[BlackElo "2060"]
[Result "0-1"]
1.e4 c5
2.Bf1c4 e6
3.Ng1f3 a6
4.O-O d5
5.exd5 exd5
6.Bc4e2 Ng8f6
7.d4 Nb8c6
8.dxc5 Bf8xc5
9.c3 O-O
10.Bc1e3 Bc5xe3
11.fxe3 Qd8b6
12.b3 Qb6xe3
13.Kh1 Rf8e8
14.Be2d3 Bc8g4
15.Nb1a3 Nc6e5
16.Bd3e2 Qe3xc3
17.Nf3xe5 Bg4xe2
18.Qd1xe2 Qc3xe5
19.Qe2f3 Ra8d8
20.h4 Qe5b2
21.b4 Qb2xb4
22.Qf3g3 Re8e6
23.Ra1b1 Qb4e7
24.Na3c2 d4
25.Rf1d1 Nf6e4
26.Qg3e1 d3
27.Nc2e3 d2
28.Qe1g1 Qe7xh4
29.Qg1h2 Ne4f2
30.Kg1 Qh4xh2
{ abandon }0-1

[Event "Coupe Niveau 9"]
[Site "www.echecsemail.com"]
[Date "2026.02.10"]
[Round "1"]
[White "Orosco"]
[Black "Fred"]
[WhiteElo "2230"]
[BlackElo "2770"]
[Result "0-1"]
1.e4 c5
2.Ng1f3 d6
3.d4 cxd4
4.Nf3xd4 Ng8f6
5.Nb1c3 a6
6.Bc1e3 e5
7.Nd4b3 Bc8e6
8.f3 h5
9.Be3g5 Bf8e7
10.Bg5xf6 Be7xf6
11.Nc3d5 Bf6g5
12.Bf1c4 Nb8d7
13.O-O Ra8c8
14.a4 Rc8xc4
15.Qd1e2 Be6xd5
16.exd5 Qd8c7
{ abandon }0-1

[Event "Tournoi n27450"]
[Site "www.echecsemail.com"]
[Date "2026.02.10"]
[Round "1"]
[White "Intrigue"]
[Black "Verson"]
[WhiteElo "1700"]
[BlackElo "1830"]
[Result "0-1"]
1.d4 d5
2.Nb1c3 Ng8f6
3.Ng1f3 e6
4.e3 c6
5.Bf1d3 Bf8d6
6.O-O Nb8d7
7.h3 O-O
8.Rf1e1 e5
9.dxe5 Nd7xe5
10.Nf3xe5 Bd6xe5
11.Bc1d2 c5
12.b3 b6
13.a4 Bc8b7
14.Bd3f5 a6
15.Ra1b1 Be5c7
16.Bd2c1 Qd8d6
17.f4 Rf8e8
18.Nc3e2 Ra8d8
19.Bc1b2 Re8xe3
20.Bb2e5 Re3xe5
21.fxe5 Qd6xe5
22.Qd1d3 c4
23.bxc4 dxc4
24.Qd3xc4 Qe5h2
25.Kf2 Qh2xg2
26.Ke3 Qg2f3
0-1

[Event "Jean 8"]
[Site "www.echecsemail.com"]
[Date "2026.02.10"]
[Round "1"]
[White "Petitlulu64"]
[Black "Turbo"]
[WhiteElo "1720"]
[BlackElo "1390"]
[Result "1-0"]
1.d4 d5
2.Ng1f3 a5
3.Nb1c3 Bc8g4
4.Nf3e5 Bg4e6
5.e4 Nb8c6
6.Bf1b5 Be6d7
7.Ne5xd7 Qd8xd7
8.exd5 e6
9.dxc6 bxc6
10.Bb5d3 h6
11.Bd3e4 Bf8d6
12.Bc1e3 Bd6b4
13.O-O Bb4d6
14.Be4f3 Qd7d8
15.Bf3xc6 Ke7
16.d5 Ra8b8
17.Qd1g4 g5
18.Nc3e4 exd5
19.Ne4g3 Kf8
20.Ng3f5 Rb8b6
21.Be3xb6 cxb6
22.Bc6xd5 Ng8f6
23.Qg4c4 Nf6xd5
24.Nf5xd6 Qd8xd6
25.Rf1d1 Kg7
26.Rd1xd5 Qd6e6
27.Qc4c3 f6
28.Qc3c7 Kg6
29.Ra1d1 Rh8e8
30.h3 Re8c8
31.Qc7d6 Qe6e4
32.c3 Rc8e8
33.Rd5d4 Qe4e2
34.Qd6xb6 Re8e5
35.Qb6d8 Re5e8
36.Rd4d2 Qe2e6
37.Qd8d3 Kg7
38.Qd3d7 Re8e7
39.Qd7xe7 Qe6xe7
40.Rd2d7 { abandon }1-0

[Event "Défi"]
[Site "www.echecsemail.com"]
[Date "2026.02.10"]
[Round "1"]
[White "Jlr"]
[Black "Baloo"]
[WhiteElo "1440"]
[BlackElo "1490"]
[Result "1-0"]
1.e4 e5
2.Ng1f3 d6
3.Bf1c4 Qd8e7
4.d3 Nb8d7
5.h4 Nd7b6
6.Nf3g5 Nb6xc4
7.dxc4 f6
8.Nb1c3 fxg5
9.Bc1xg5 Qe7f7
10.f3 h6
11.Bg5e3 b6
12.b3 Bc8e6
13.Qd1d3 O-O-O
14.Ke2 Ng8f6
15.Nc3b5 Kb7
16.a4 Rd8a8
17.a5 a6
18.Nb5c3 Qf7d7
19.b4 Qd7f7
20.Nc3d5 Nf6xd5
21.cxd5 Be6d7
22.axb6 cxb6
23.Qd3c4 Ra8c8
24.Qc4xa6 Kc7
25.Qa6xb6 1-0

[Event "Eq:modesty-Avalon :"]
[Site "www.echecsemail.com"]
[Date "2026.02.10"]
[Round "1"]
[White "Di67"]
[Black "Thierry7ardeche"]
[WhiteElo "1360"]
[BlackElo "2090"]
[Result "0-1"]
1.e4 d6
2.Bf1b5 c6
3.Bb5c4 Ng8f6
4.Nb1c3 e5
5.d3 b5
6.Bc4b3 a5
7.a3 Bf8e7
8.Bc1e3 O-O
9.Ng1f3 Bc8g4
10.O-O Nb8a6
11.h3 Bg4e6
12.Bb3xe6 fxe6
13.Nf3g5 Qd8d7
14.d4 exd4
15.Qd1xd4 e5
16.Qd4d3 Na6c7
17.Nc3e2 Nc7e6
18.Ne2g3 Ne6xg5
19.Be3xg5 h6
20.Bg5d2 Nf6e8
21.Qd3b3 Kh8
22.Qb3e3 Be7g5
23.Qe3e2 Bg5xd2
24.Qe2xd2 Rf8f6
25.Ra1e1 Rf6g6
26.Re1e3 Ne8c7
27.Ng3h5 Nc7e6
28.b4 axb4
29.Qd2xb4 Ra8f8
30.f3 Ne6d4
31.Qb4d2 Qd7xh3
32.f4 Qh3xh5
33.f5 Rg6g4
34.c3 Nd4b3
35.Qd2xd6 Rf8f6
36.Qd6d8 Kh7
37.Re3h3 Qh5g5
38.Qd8d1 Rg4xg2
39.Kh1 Rg2d2
40.Rf1g1 Rd2xd1
41.Rg1xd1 Qg5g4
42.Rh3h2 Qg4xd1
43.Kg2 Qd1g4
44.Kf2 Qg4xe4
45.Kg3 Rf6xf5
46.Rh2h4 Rf5g5
47.Kh3 Qe4f3
{ abandon }0-1

[Event "Tournoi n27449"]
[Site "www.echecsemail.com"]
[Date "2026.02.10"]
[Round "1"]
[White "Geantvert"]
[Black "Verson"]
[WhiteElo "1860"]
[BlackElo "1810"]
[Result "0-1"]
1.c4 Ng8f6
2.Nb1c3 e6
3.g3 d5
4.cxd5 exd5
5.d4 c6
6.Bf1g2 Bf8d6
7.a3 O-O
8.b4 Bc8f5
9.Ng1f3 Nf6e4
10.Nc3xe4 Bf5xe4
11.O-O Nb8d7
12.Nf3d2 Be4xg2
13.Kxg2 Nd7f6
14.Nd2f3 Rf8e8
15.Qd1d3 Qd8e7
16.Ra1a2 Nf6e4
17.Nf3d2 Ne4g5
18.Nd2b3 h6
19.Nb3c5 b6
20.Nc5b3 Ra8c8
21.Bc1e3 Qe7e6
22.Ra2c2 Qe6h3
23.Kg1 Ng5e4
24.Nb3d2 h5
25.Nd2f3 Re8e6
26.Nf3g5 Ne4xg5
27.Be3xg5 Re6g6
28.Bg5c1 h4
29.Rc2c3 c5
30.dxc5 hxg3
31.fxg3 bxc5
32.Qd3f3 Rg6f6
33.Qf3g2 Qh3xg2
34.Kxg2 Rf6xf1
35.Kxf1 c4
36.Bc1e3 a6
37.Be3d4 Rc8e8
38.e3 Bd6e5
39.Bd4xe5 Re8xe5
40.Kg2 Kf8
41.Kf3 Ke7
42.h4 Ke6
43.g4 f5
44.gxf5 Re5xf5
45.Kg4 g6
46.Rc3c2 Kd6
47.h5 Rf5xh5
{ abandon }0-1

[Event "Eq:Les Gens du Sud-Vikings :"]
[Site "www.echecsemail.com"]
[Date "2026.02.10"]
[Round "1"]
[White "Viv59"]
[Black "Swallow"]
[WhiteElo "2340"]
[BlackElo "2060"]
[Result "1-0"]
1.Ng1f3 Ng8f6
2.c4 e6
3.Nb1c3 b6
4.d4 d5
5.Bc1g5 Bf8e7
6.cxd5 exd5
7.Nf3e5 O-O
8.e3 Bc8b7
9.Bf1d3 Nf6e4
10.Bg5xe7 Qd8xe7
11.O-O Nb8d7
12.Ne5xd7 Qe7xd7
13.Bd3xe4 dxe4
14.Qd1h5 Rf8e8
15.Ra1c1 a6
16.Rc1c2 Re8e7
17.Rf1c1 Ra8e8
18.b4 f6
19.h3 Re8c8
20.a4 Qd7e8
21.Qh5f5 Qe8d7
22.Qf5xd7 Re7xd7
23.Nc3e2 Bb7d5
24.a5 Kf7
25.axb6 c6
26.Ne2f4 { abandon }1-0